000 00311nam a22001217a 4500
041 _aENG
100 _aUmarani Nila
245 _aMaharashtra Talent Serch Pariksha ( M.T.S )
260 _aPune
_bDastane Ramchandra Ani Comp
_c2001
300 _a260
650 _aCompetitive Exam
856 _uCompetitive Exam ( 35 )
999 _c974
_d974